[Event "Challenge"]
[Site "http://www.queenalice.com/game.php?id=283425"]
[Date "2007.10.9"]
[Round "-"]
[White "Mugen"]
[Black "Gadou"]
[Result "1-0"]
[WhiteElo "1816"]
[BlackElo "1478"]

1. d4 d5 2. c4 dxc4 3. Nf3 Nf6 4. e3 c6 5. Bxc4 b5 6. Be2 e6 7. a4 Bb4+ 8. Bd2
a5 9. axb5 O-O 10. Bxb4 Re8 11. Bc5 a4 12. Rxa4 Bb7 13. Rxa8 Bxa8 14. Ne5 Ne4
15. Qc2 f5 16. Nxc6 Nxc6 17. bxc6 Bxc6 18. O-O Bd5 19. f3 Nxc5 20. Qxc5 f4 21.
e4 Ba2 22. Nc3 Bb3 23. Bb5 Qe7 24. Bxe8 Qxc5 25. dxc5 Kf8 26. Bd7 g5 27. c6 Ke7
28. Ra1 Kd8 29. Ra8+ Kc7 30. Nb5+ Kb6 31. c7 1-0

[Event "you da man"]
[Site "http://www.queenalice.com/game.php?id=285223"]
[Date "2007.10.12"]
[Round "-"]
[White "Gadou"]
[Black "Mugen"]
[Result "0-1"]
[WhiteElo "1466"]
[BlackElo "1758"]

1. d4 d5 2. Nc3 g6 3. e3 Nf6 4. h3 Bg7 5. Be2 O-O 6. Nf3 b6 7. Bd3 Nc6 8. g4 Re8
9. g5 Nd7 10. Nxd5 Bb7 11. c4 e6 12. Nf6+ Bxf6 13. gxf6 Qxf6 14. h4 Nb4 15. Be2
Bxf3 16. Bxf3 Nc2+ 17. Qxc2 Qxf3 18. Rg1 Nf6 19. Bd2 Ne4 20. Rd1 Qxf2# 0-1

[Event "i couldn't breath:)haha!"]
[Site "http://www.queenalice.com/game.php?id=293290"]
[Date "2007.10.26"]
[Round "-"]
[White "Mugen"]
[Black "Gadou"]
[Result "1-0"]
[WhiteElo "1766"]
[BlackElo "1452"]

1. e4 e5 2. Nf3 Nc6 3. Bb5 Nf6 4. O-O Nxe4 5. d4 a6 6. Ba4 b5 7. Bb3 d6 8. Re1
Qf6 9. Rxe4 Bf5 10. Bg5 Qg6 11. Re1 Nxd4 12. Qxd4 f6 13. Qd5 Rd8 14. Nh4 Qxg5
15. Qf7# 1-0

[Event "Let's Play Chess!"]
[Site "http://www.queenalice.com/game.php?id=412900"]
[Date "2008.6.4"]
[Round "-"]
[White "dotromundo"]
[Black "Mugen"]
[Result "0-1"]
[WhiteElo "1677"]
[BlackElo "1748"]

1. e4 c5 2. a3 Nc6 3. c3 Nf6 4. d3 e5 5. f4 Bd6 6. f5 O-O 7. g4 Ne8 8. Nf3 b5 9.
b4 Qc7 10. a4 cxb4 11. axb5 Ne7 12. c4 Bb7 13. Be3 Bc5 14. d4 exd4 15. Nxd4 Qe5
16. Qd3 Bxe4 17. Nf3 Bxf3 18. Kf2 Bxh1 19. Ra5 Qxh2+ 20. Ke1 Bxe3 21. Qxe3 Qh4+
22. Kd1 Qxg4+ 23. Kc1 Nxf5 24. Qb3 Qf4+ 25. Nd2 Ne3 26. Bh3 Nf6 27. Qxb4 Nxc4
28. Ra2 Rac8 29. Rc2 Bd5 30. Bf1 Qe3 31. Bxc4 Bxc4 32. Rxc4 Rxc4+ 33. Qxc4 h5
34. Qc7 Ne4 35. Qc2 Qe1+ 36. Kb2 Qxd2 37. Kb3 Qxc2+ 38. Kxc2 g5 39. Kd3 f5 40.
Ke3 h4 41. Kd4 h3 42. Kc4 h2 43. Kd5 h1=Q 44. Kd4 Qd1+ 45. Ke5 Qd6# 0-1

[Event "Challenge"]
[Site "http://www.queenalice.com/game.php?id=412901"]
[Date "2008.6.4"]
[Round "-"]
[White "Mugen"]
[Black "Augustodombosco"]
[Result "1-0"]
[WhiteElo "1790"]
[BlackElo "1886"]

1. d4 d5 2. c4 e6 3. Nc3 Nf6 4. Bg5 Nbd7 5. Nf3 h6 6. Bh4 Bb4 7. a3 Bxc3+ 8.
bxc3 dxc4 9. e4 g5 10. Bg3 Nxe4 11. Qc2 Ndf6 12. Bxc4 Nxg3 13. fxg3 a6 14. O-O
b5 15. Bb3 Bb7 16. Rae1 Nd5 17. Ne5 Qe7 18. Rxf7 Qd6 19. Rd7 Qxa3 20. Qg6+ 1-0

[Event "Challenge"]
[Site "http://www.queenalice.com/game.php?id=412902"]
[Date "2008.6.4"]
[Round "-"]
[White "Augustodombosco"]
[Black "Mugen"]
[Result "1-0"]
[WhiteElo "1881"]
[BlackElo "1767"]

1. d4 Nf6 2. c4 e6 3. Nc3 Bb4 4. g3 c5 5. Nf3 Nc6 6. e3 Qa5 7. Bd2 d5 8. a3 Bxc3
9. Bxc3 Qd8 10. dxc5 O-O 11. b4 Ne4 12. Bb2 Qc7 13. cxd5 Rd8 14. d6 Qb8 15. Ne5
Nxe5 16. Bxe5 f6 17. Qd4 Nxf2 18. Bxf6 gxf6 19. Kxf2 b6 20. Rd1 e5 21. Qd5+ Kg7
22. Bc4 Bb7 23. Qf7+ 1-0

[Event "Sensation!!!"]
[Site "http://www.queenalice.com/game.php?id=414256"]
[Date "2008.6.6"]
[Round "-"]
[White "KasparovPadawan"]
[Black "Mugen"]
[Result "0-1"]
[WhiteElo "1828"]
[BlackElo "1734"]

1. e4 c5 2. Bc4 Nc6 3. Nf3 e6 4. Nc3 a6 5. a3 b5 6. Be2 Nf6 7. d3 Be7 8. O-O d6
9. Bf4 Qc7 10. b4 O-O 11. bxc5 e5 12. cxd6 Qxd6 13. d4 Nxd4 14. Nxd4 Qxd4 15.
Qxd4 exd4 16. Nd5 Nxd5 17. exd5 Bb7 18. d6 Bf6 19. Rac1 Rfe8 20. Bd3 Be5 21. d7
Re7 22. Bxe5 Rxe5 23. Rfe1 f6 24. Rxe5 fxe5 25. Re1 Bc6 26. Bf5 Rd8 27. Rxe5
Bxd7 28. Rd5 Re8 29. g4 Re1+ 30. Kg2 Bc6 0-1

[Event "Challenge"]
[Site "http://www.queenalice.com/game.php?id=414353"]
[Date "2008.6.6"]
[Round "-"]
[White "Mugen"]
[Black "charles31"]
[Result "1-0"]
[WhiteElo "1735"]
[BlackElo "1731"]

1. d4 e6 2. c4 Bb4+ 3. Bd2 Bxd2+ 4. Qxd2 d5 5. Nc3 dxc4 6. e4 a6 7. a4 c6 8.
Bxc4 Qf6 9. e5 Qg6 10. Nce2 Bd7 11. Ng3 b5 12. axb5 cxb5 13. Bd3 f5 14. Be2 Ne7
15. Bh5 Nbc6 16. Nf3 O-O 17. Bxg6 Nxg6 18. O-O a5 19. d5 Nb4 20. d6 Nd5 21. Rxa5
Rxa5 22. Qxa5 b4 23. Nxf5 Rxf5 24. Qd8+ Nf8 25. Re1 g6 26. Ng5 h6 27. Ne4 Rxe5
28. Nf6+ Nxf6 29. Rxe5 Nh7 30. Ra5 1-0

[Event "Challenge"]
[Site "http://www.queenalice.com/game.php?id=414354"]
[Date "2008.6.6"]
[Round "-"]
[White "charles31"]
[Black "Mugen"]
[Result "0-1"]
[WhiteElo "1693"]
[BlackElo "1753"]

1. e4 c5 2. Nf3 d6 3. Bb5+ Nc6 4. d4 Bd7 5. Nc3 Nf6 6. Bxc6 bxc6 7. Bg5 cxd4 8.
Qxd4 e5 9. Qd3 g6 10. Qd2 h6 11. Be3 Bg4 12. h3 Bxf3 13. gxf3 Bg7 14. f4 Nh7 15.
O-O-O exf4 16. Bxf4 O-O 17. Bxh6 Qb6 18. f3 Rab8 19. b3 Qc5 20. Bxg7 Kxg7 21. h4
a5 22. Rhg1 Qa3+ 23. Kb1 a4 24. Qd4+ Nf6 25. Nxa4 Rb4 26. h5 Rxd4 27. Rxd4 Nxh5
28. Rg5 d5 29. exd5 Re8 30. Rg1 Ng3 31. d6 Ne2 32. Rdd1 Ra8 33. Rge1 Rxa4 34.
bxa4 Nc3+ 35. Ka1 Qxa2# 0-1

[Event "Challenge"]
[Site "http://www.queenalice.com/game.php?id=414356"]
[Date "2008.6.6"]
[Round "-"]
[White "Mugen"]
[Black "dante72"]
[Result "0-1"]
[WhiteElo "1761"]
[BlackElo "2086"]

1. d4 d5 2. c4 dxc4 3. Nc3 e6 4. Nf3 Nc6 5. e4 Bb4 6. Bxc4 Nge7 7. O-O O-O 8. a3
Ba5 9. b4 Bb6 10. d5 exd5 11. exd5 Nb8 12. Bb2 Bg4 13. Qd4 Bxd4 0-1

[Event "Challenge"]
[Site "http://www.queenalice.com/game.php?id=414357"]
[Date "2008.6.6"]
[Round "-"]
[White "dante72"]
[Black "Mugen"]
[Result "0-1"]
[WhiteElo "2073"]
[BlackElo "1762"]

1. e4 c5 2. Bc4 Nc6 3. c3 Nf6 4. d4 cxd4 5. cxd4 b5 6. Bxb5 Nxe4 7. Nc3 Nf6 8.
Nf3 Bb7 9. O-O e6 10. a3 Be7 11. Bxc6 Bxc6 12. Be3 O-O 13. Ne5 Bb7 0-1

[Event "Challenge"]
[Site "http://www.queenalice.com/game.php?id=414396"]
[Date "2008.6.7"]
[Round "-"]
[White "Lucioamorim"]
[Black "Mugen"]
[Result "1-0"]
[WhiteElo "1981"]
[BlackElo "1755"]

1. d4 Nf6 2. c4 e6 3. Nf3 b6 4. Nc3 Bb4 5. Qc2 d5 6. cxd5 Qxd5 7. Bd2 Bxc3 8.
bxc3 O-O 9. e3 Bb7 10. c4 Qd7 11. Be2 Qc6 12. O-O Nbd7 13. Rfc1 Ne4 14. Bd3 Ng5
15. Be2 Ne4 16. Bb4 Rfe8 17. Bf1 a5 18. Ba3 Ndf6 19. Ne5 1-0

[Event "Challenge"]
[Site "http://www.queenalice.com/game.php?id=414408"]
[Date "2008.6.7"]
[Round "-"]
[White "SRIVERO"]
[Black "Mugen"]
[Result "1-0"]
[WhiteElo "1604"]
[BlackElo "1761"]

1. d4 Nf6 2. Bg5 e6 3. c4 c6 4. e4 Qa5+ 5. Bd2 Qb6 6. b3 Qxd4 7. Nc3 Bc5 8. Qe2
Nxe4 9. Nf3 Qf6 10. Qxe4 Bb4 11. Rc1 d5 12. cxd5 Bxc3 13. Bxc3 cxd5 14. Qa4+ Bd7
15. Bxf6 Bxa4 16. bxa4 O-O 17. Bd4 Nc6 18. Bb5 Rac8 19. Bxc6 a6 20. Bc5 Rxc6 21.
O-O Rfc8 22. Be3 Kf8 23. Ne5 Rxc1 24. Rxc1 Rxc1+ 25. Bxc1 g6 26. Kf1 f5 27. Ke2
Ke7 28. f4 Kf6 29. Bb2 Ke7 30. Ba3+ Kd8 31. g4 Kc7 32. a5 b6 33. axb6+ Kxb6 34.
Bd6 a5 35. a3 Kb5 36. gxf5 gxf5 37. Kd3 Kb6 38. a4 Kb7 39. h4 Kb6 40. Kd4 Kb7
41. Kc5 Ka8 42. Kb6 h5 43. Kxa5 d4 44. Kb6 d3 45. Nxd3 e5 46. Nc5 exf4 47. Ne6
f3 48. Bc5 f2 49. Bxf2 f4 50. Nxf4 Kb8 51. Ne6 Ka8 52. a5 Kb8 53. a6 Ka8 54.
Nc7+ 1-0

[Event "Challenge"]
[Site "http://www.queenalice.com/game.php?id=414409"]
[Date "2008.6.7"]
[Round "-"]
[White "Mugen"]
[Black "SRIVERO"]
[Result "1-0"]
[WhiteElo "1721"]
[BlackElo "1566"]

1. d4 Nf6 2. c4 g6 3. Nc3 Bg7 4. e4 d6 5. Nf3 Nc6 6. Bf4 e5 7. dxe5 Nh5 8. Bg5
f6 9. exf6 Bxf6 10. Bxf6 Nxf6 11. Be2 Be6 12. Qb3 Rb8 13. O-O-O O-O 14. e5 Ng4
15. Ne4 Ngxe5 16. Neg5 Nxf3 17. Nxe6 Nfd4 18. Nxd4 Qg5+ 19. Qe3 Qxe3+ 20. fxe3
Nxd4 21. exd4 Rf2 22. Bf3 c6 23. Rhe1 a6 24. Re7 Kf8 25. Rxh7 Kg8 26. Rd7 b5 27.
Rxd6 Rc8 28. Rxg6+ Kf7 29. Rxc6 Rxc6 30. Bxc6 bxc4 31. Bd5+ Ke7 32. Re1+ Kd6 33.
Bxc4 Rxg2 34. Rh1 a5 35. h4 Rg4 36. h5 Rxd4 37. b3 a4 38. h6 axb3 39. axb3 1-0

[Event "Challenge"]
[Site "http://www.queenalice.com/game.php?id=414424"]
[Date "2008.6.7"]
[Round "-"]
[White "Alaune"]
[Black "Mugen"]
[Result "1/2-1/2"]
[WhiteElo "1865"]
[BlackElo "1758"]

1. d4 Nf6 2. Nf3 d6 3. e3 g6 4. Bc4 Bg7 5. O-O Bg4 6. h3 Bh5 7. g4 Nxg4 8. hxg4
Bxg4 9. Bxf7+ Kxf7 10. Ng5+ Kg8 11. Qxg4 Qd7 12. Ne6 Nc6 13. a3 Nd8 14. d5 c6
15. c4 b5 16. Nc3 bxc4 17. Qxc4 Bxc3 18. Nxd8 Qf5 19. dxc6+ d5 20. Qxc3 Qg4+ 21.
Kh2 Qh4+ 1/2-1/2

[Event "Challenge"]
[Site "http://www.queenalice.com/game.php?id=414425"]
[Date "2008.6.7"]
[Round "-"]
[White "Mugen"]
[Black "Alaune"]
[Result "1-0"]
[WhiteElo "1810"]
[BlackElo "1868"]

1. c4 Nf6 2. d4 d5 3. cxd5 Qxd5 4. Nc3 Qd8 5. Nf3 e6 6. Bg5 Be7 7. e3 O-O 8. Bd3
h6 9. Bh4 Nc6 10. O-O b6 11. Bc2 Bb7 12. Bxf6 Bxf6 13. Qd3 g6 14. a3 Ne7 15. b4
Bxf3 16. gxf3 Nf5 17. Kh1 Qd6 18. Ne4 Qd8 19. Nxf6+ Qxf6 20. Rg1 Nh4 21. Rg3
Nxf3 22. Qe2 Ng5 23. f4 Nh7 24. Qh5 Kg7 25. Rag1 Rg8 26. Bxg6 1-0

[Event "Challenge"]
[Site "http://www.queenalice.com/game.php?id=430900"]
[Date "2008.7.10"]
[Round "-"]
[White "marlon2006"]
[Black "Mugen"]
[Result "1-0"]
[WhiteElo "2015"]
[BlackElo "1856"]

1. e4 c5 2. Nf3 d6 3. Nc3 Nc6 4. d4 cxd4 5. Nxd4 Nf6 6. Bb5 Bd7 7. Bg5 e6 8.
Bxc6 bxc6 9. Qf3 Be7 10. O-O-O O-O 11. Nb3 Qc7 12. Qf4 Nh5 13. Qd2 f6 14. Be3 d5
15. exd5 cxd5 16. Nxd5 exd5 17. Qxd5+ Kh8 18. Qxd7 Rfc8 19. Qxc7 Rxc7 20. g4
Rac8 21. c3 Kg8 22. gxh5 Kf7 23. Rhe1 a6 24. Bf4 Rc4 25. Rd7 Rxf4 26. Rexe7+ Kf8
27. Rf7+ Kg8 28. Rxg7+ Kf8 29. Rxh7 Rg4 30. Kd2 Re8 31. h6 Kg8 32. Nd4 1-0

[Event "Challenge"]
[Site "http://www.queenalice.com/game.php?id=430901"]
[Date "2008.7.10"]
[Round "-"]
[White "Mugen"]
[Black "marlon2006"]
[Result "0-1"]
[WhiteElo "1850"]
[BlackElo "2005"]

1. d4 Nf6 2. c4 Nc6 3. Nf3 e6 4. Nc3 Bb4 5. a3 Bxc3+ 6. bxc3 O-O 7. Bg5 h6 8.
Bh4 Qe7 9. e4 g5 10. Nxg5 hxg5 11. Bxg5 d6 12. Qf3 Kg7 13. h4 e5 14. d5 Na5 15.
Qg3 Kh7 16. h5 Nb3 17. Qh4 Nxa1 18. Bd3 Qe8 19. Bxf6 Nb3 20. g4 Qa4 21. g5 Qxa3
22. Kf1 Qa1+ 23. Kg2 Qb2 24. g6+ Kg8 25. g7 Re8 26. h6 Kh7 27. Qg3 Bd7 28. g8=B+
Rxg8 29. Qg7+ Rxg7+ 30. hxg7+ Kg6 31. Rh8 Kxf6 0-1

[Event "Challenge"]
[Site "http://www.queenalice.com/game.php?id=430902"]
[Date "2008.7.10"]
[Round "-"]
[White "Gadou"]
[Black "Mugen"]
[Result "0-1"]
[WhiteElo "1391"]
[BlackElo "1828"]

1. e4 c5 2. c3 d5 3. e5 Nc6 4. Qe2 e6 5. h4 d4 6. Qd3 Nxe5 7. Qb5+ Nc6 8. Qc4
Nf6 9. Be2 Be7 10. Nf3 O-O 11. Bd3 e5 12. Be4 Nxe4 13. d3 Nf6 14. Nbd2 Bf5 15.
O-O dxc3 16. Ne4 b5 17. Qxc3 Bxe4 18. dxe4 Nxe4 19. Qe1 f5 20. Bg5 Nxg5 21. Rd1
Nxf3+ 22. gxf3 Qe8 23. Kh2 Qh5 24. Kh3 Qxf3+ 25. Kh2 Rf6 26. Rg1 Rh6 27. Rxg7+
Kxg7 28. Rd7 Rxh4+ 29. Kg1 Rh1# 0-1

[Event "Challenge"]
[Site "http://www.queenalice.com/game.php?id=434490"]
[Date "2008.7.17"]
[Round "-"]
[White "mustangmike"]
[Black "Mugen"]
[Result "0-1"]
[WhiteElo "1899"]
[BlackElo "1838"]

1. e4 d6 2. Nf3 Nf6 3. Nc3 g6 4. d4 Bg7 5. Bd3 O-O 6. O-O c6 7. Be3 b5 8. b4 Bg4
9. a4 Na6 10. Na2 Nc7 11. a5 Rc8 12. Nc3 Na6 13. Rb1 Nd7 14. Be2 c5 15. Nxb5
cxb4 16. Nxa7 Bxf3 17. Nxc8 Bxe2 18. Qxe2 Qxc8 19. Rfd1 Ndb8 20. d5 Qc7 21. Bb6
Qc3 22. Rb3 Qe5 23. Bd4 Qf4 24. Ba7 Rc8 25. Rf3 Qe5 26. Bd4 Qh5 27. Ba7 Be5 28.
g3 Rxc2 29. Qxc2 Qxf3 30. Bxb8 Nxb8 31. Rb1 Bc3 32. Qa4 Bd4 33. Rf1 Na6 34. Qb5
Nc5 35. a6 Nxe4 0-1

[Event "Challenge"]
[Site "http://www.queenalice.com/game.php?id=434491"]
[Date "2008.7.17"]
[Round "-"]
[White "Mugen"]
[Black "mustangmike"]
[Result "1-0"]
[WhiteElo "1830"]
[BlackElo "1925"]

1. d4 e6 2. c4 b6 3. e4 Bb7 4. Bd3 d6 5. f4 d5 6. cxd5 exd5 7. e5 Nc6 8. Nf3 f6
9. O-O Bc8 10. Qe2 fxe5 11. fxe5 Bg4 12. Qc2 Nce7 13. Ng5 Be6 14. Nxe6 1-0

[Event "Challenge"]
[Site "http://www.queenalice.com/game.php?id=434504"]
[Date "2008.7.17"]
[Round "-"]
[White "Gambitshark"]
[Black "Mugen"]
[Result "1-0"]
[WhiteElo "2610"]
[BlackElo "1840"]

1. e4 d6 2. Nc3 g6 3. d4 Nf6 4. f3 Bg7 5. Be3 c6 6. Qd2 h6 7. O-O-O b5 8. Bd3
Qa5 9. e5 dxe5 10. dxe5 Nfd7 11. f4 Nxe5 12. fxe5 Bxe5 13. Nge2 b4 14. Ne4 Qxa2
15. Qxb4 a5 16. Qa3 Qxa3 17. bxa3 Be6 18. Bd4 Bxd4 19. Nxd4 Bd5 20. Rhe1 O-O 21.
c4 Bxe4 22. Bxe4 Ra6 23. Bf3 Re8 24. Nb3 f5 25. Nc5 Rb6 26. Re6 1-0